| 000 | 00631nam a2200181Ia 4500 | ||
|---|---|---|---|
| 003 | GCL | ||
| 008 | 140319s9999 xx 000 0 ara d | ||
| 040 |
_aGCL / _cGCL |
||
| 082 | 0 | 4 |
_a612.03 _bن م |
| 100 | 1 | _aناصيف اليازجى | |
| 245 | 1 | 0 |
_aمعجم القطيفة : _bفى اسماء اعضاء الانسان وما يتعلق بها والصفات الجارية عليه من الحلى والعيوب / _cناصيف اليازجى |
| 260 |
_aبيروت : _bمكتبة لبنان ، _c1984 |
||
| 300 | _a121 ص | ||
| 490 | _a | ||
| 650 | 0 | 4 | _aالمعاجم |
| 650 | 0 | 4 | _aجسم الانسان |
| 942 |
_2ddc _cBK |
||
| 999 |
_c48281 _d48281 |
||